International Journal of Active Learning (Запис № 410252)

МАРК-запис
000 -Лідер
fixed length control field 01159nam a22002417a 4500
003 - Ідентифікатор контрольного номера
control field UA-OsUOA
001 - Контрольний номер
control field 136706
007 - Фіксоване поле фізичного опису
fixed length control field ta
008 - Елементи даних фіксованої довжини – загальна інформація
fixed length control field 20190404b un ||||| |||| 00| 0 ukr d
090 ## - Локальний шифр розміщення
Авторський знак (НП) I-87
040 ## - Джерело каталогізації
Агенція оригінальної каталогізації UA-OsUOA
Мова каталогізації eng
Агенція, яка здійснювала перезапис UA-OsUOA
Агенція, яка здійснювала модифікацію UA-OsUOA
041 ## - Код мови
Код мови тексту/ звукової доріжки чи окремого заголовка (П) eng
022 ## - Міжнародний стандартний серіальний номер (ISSN)
Міжнародний стандартний серіальний номер (ISSN) 2615-6377
245 ## - Відомості про назву
Назва (НП) International Journal of Active Learning
Решта назви (НП) Articles in press are peer reviewed, accepted articles to be published in this publication.
Дані про відповідальність (НП) Prof. Dr. Sudarmin, M.Si
260 ## - Публікація, розповсюдження і т.п. (Вихідні дані)
Дата публікації, розповсюдження і т.п. (П) 2017
246 31 - Інша форма назви
Назва (НП) 2
Номер частини/ розділ роботи (П)
520 3# - Резюме і т.п.
Резюме, реферат, анотація, тощо (НП) International Journal of Active Learning p-ISSN 2528-505X | e-ISSN 2615-6377 is an international, refereed publication for all those who teach and support learning in Higher Education and those who undertake or use research into effective learning, te
520 3# - Резюме і т.п.
Резюме, реферат, анотація, тощо (НП) aching and assessment in universities and colleges. The journal has an objective of improving the status of teaching and learning support as professional activity and embraces academic practice across all curriculum areas in higher education.
650 #7 - Додаткове предметне введення – тематичний термін
Джерело заголовка чи терміна UDC
856 40 - Електронне місцезнаходження та доступ
Уніфікований ідентифікатор ресурсу (П) https://journal.unnes.ac.id/nju/index.php/ijal/issue/view/812
942 ## - Додаткові елементи входу (Коха)
Тип елемента Koha Номер журналу
955 ## - Код типу видання за змістом
Код типу видання за змістом (НП) Наукові видання

Немає доступних примірників.